000 00354nam a2200145Ia 4500
003 OSt
005 20240110101756.0
008 170523s9999 xx 000 0 und d
020 _a9788177581911
040 _ciimt university meerut
100 _aWheelen & Hunger
245 0 _aStrategic Management & Business Policy
260 _bPearson
942 _2ddc
_c02
999 _c964
_d964